zpět

Detail výsledku týmu

Pivovarský Dvůr ST, Liberec

Datum a čas kvízu

17.5 Celkem bodů Celkový počet nahraných bodů na tomto kvízu bez doplňovacích otázek.
10. Pořadí na kvízu Konečné umístění týmu na tomto kvízu.

Zaznamenané odpovědi

# Otázka Odpověď Body Výsledky
1. V pondělí jsme se dozvěděli, ž... nedodržení bezpečné vzdálenosti 1
2. Minulý týden bylo oznámeno obn... Moskvič 0
3. V úterý se v pražském Kině Luc... Král Šumavy 0
4. V pondělí, po pěti dnech letu,... Orion 0
5. Ve dvou úvodních zápasech kter... Polsko 0
6. V následujících pěti otázkách... C) 5,68 půllitrů 0
7. Odvozená jednotka SI elektrick... farad 1
8. Jaký odpor v ohmech má spotřeb... 20 Ω 0
9. Přiřaďte tyto jednotky k přísl... 1A 2D 3C 4B 0
10. Bušl je stará objemová a hmotn... A 0